1440 1695 1816 1559 1905 1179 1256 1288 1068 1427 1158 1641 1567 1444 1101 1112 1104 1114 1730 1186 1144 1368 1511 1743 1781 1376 1076 1175 1226 1853 1386 1868 1774 1411 1655 1137 1963 1200 1161 1053 1112 1881 1445 1833 1674 1999 1652 1550 1849 1929 1558 1303 1571 1996 1447 1675 1478 1750 1611 1594 1268 1344 1459 1345 1856 1811 1339 1935 1618 1642 1979 1625 1872 1379 1957 1767 1566 1144 1005 1331 1763 1275 1256 1011 1139 1939 1970 1574 1938 1322 1927 1119 1199 1517 1753 1066 1991 1617 1550 BCNSPRNW ULIB Ver.6.0+V

เปลี่ยนเป็นภาษาไทย

Change to English
 แสดงรายละเอียดบรรณานุกรม
  กลับหน้าหลัก

Brief Record : Get Marc (ISO 2709) : E-mail record : QR code < ปิดหน้าต่าง
LEADER : 00000nam 2200000uu 4500
001    13399110924
003     ULIB
008    110613s||||||||th 000 0 tha d
020    9749183320
050  4 AC158^bส172ด 2004
100    สตีฟ ปาร์เกอร์
245    เด็กๆรู้ไหมทำไมอุโมงค์มีทรงกลม ^cผู้แต่ง สตีฟ ปาร์เกอร์
260    กรุงเทพฯ : ^bโกรเลียร์ อินเตอร์เนชั่นแนล, ^c2004
300    32 หน้า : ^bภาพประกอบสี ; ^c28 ซม.
650  7 ความรู้รอบตัว
650  7 อุโมงค์
945    ^p350^l0^i029016
995    ทศพร
999 ^a ใช้งานได้ทุกระบบ
รายการนี้ยังไม่มีแท็ก
คุณยังไม่ได้ล็อกอิน คุณสามารถมีกิจกรรมร่วมกับเว็บไซต์ได้ แต่ต้องล็อกอินก่อน ::
  ล็อกอิน

รายการสื่อสารสนเทศ

ลำดับที่ ประเภท เลขเรียก/บาร์โค้ด สถานที่ สถานะ
- ไม่พบข้อมูล -

รายการใกล้เคียง
    หัวเรื่อง [ความรู้รอบตัว]

BibComment


ยังไม่เคยถูกคอมเมนท์

คอมเมนท์ทรัพยากรรายการนี้
  คอมเมนท์: เด็กๆรู้ไหมทำไมอุ..


 Copyright 2026. Bcnsprnw @Library